Every Country that has Won a World Cup - Statistics

General Stats
  • This quiz has been taken 24 times
  • The average score is 8 of 8
Answer Stats
Hint Answer % Correct
5 wins Brazil
100%
2 wins France
100%
4 wins Germany
100%
4 wins Italy
100%
1 wins Spain
95%
3 wins Argentina
90%
1 wins England
90%
2 wins Uruguay
86%
No matching quizzes found
Score Distribution
Percent of People with Each Score
Percentile by Number Answered
Your Score History
You have not taken this quiz